Loading...
Science - Physics | 0 | 4 | 1 | 1 | 35 | 110 | 118.00 | 1 | 4 |
Religion | 0 | 3 | 1 | 0 | 25 | 93 | 106.67 | 3 | 3 |
Science - Biology | 0 | 2 | 0 | 2 | 20 | 117 | 121.00 | 0 | 2 |
History - American History | 0 | 2 | 0 | 1 | 20 | 104 | 114.50 | 0 | 2 |
Literature - British Literature | 0 | 2 | 0 | 1 | 20 | 133 | 139.00 | 0 | 2 |
Social Science | 0 | 1 | 0 | 0 | 10 | 114 | 114.00 | 0 | 1 |
Literature - American Literature | 0 | 1 | 0 | 0 | 10 | 150 | 150.00 | 0 | 1 |
Literature - World Literature | 0 | 1 | 0 | 1 | 10 | 154 | 154.00 | 0 | 1 |
Other | 0 | 1 | 0 | 0 | 10 | 104 | 104.00 | 0 | 1 |
Science - Other Science | 0 | 1 | 0 | 0 | 10 | 104 | 104.00 | 0 | 1 |
Fine Arts - Painting & Sculpture | 0 | 1 | 0 | 0 | 10 | 129 | 129.00 | 0 | 1 |
Mythology | 0 | 0 | 0 | 0 | 0 | 0.00 | 0 | 0 | |
History - European History | 0 | 0 | 1 | 0 | -5 | 0.00 | 0 | 0 | |
Science - Chemistry | 0 | 0 | 1 | 0 | -5 | 0.00 | 0 | 0 |